000 00541nam a22002177a 4500
003 UA-OsUOA
001 89002
007 ta
008 20121023b un ||||| |||| 00| 0 ukr d
100 _aКудряшов В.П.
090 _a330(477)
_bК88
942 _cSA
040 _aUA-OsUOA
_bukr
_cUA-OsUOA
_dUA-OsUOA
245 _aСтійкість державних фінансів
300 _aС.54-68
955 _a0
041 _aukr
080 _a330(477)
773 0 _w88997
650 7 _a330 Економіка взагалі
_2UDC
999 _c375267
_d375267